000 00338nam a22001457a 4500
999 _c257584
_d257583
003 OSt
005 20190529152515.0
008 190529b xxu||||| |||| 00| 0 eng d
020 _a031213634X
040 _cN/A
100 _aX.J KENNEDY
245 _aThe Bedford Reader
260 _aUSA
_bCharles H. Christnsen
_c1997
942 _2lcc
_cBK